زبور عجم : (Record no. 108965)
[ view plain ]
| 000 -LEADER | |
|---|---|
| fixed length control field | 00893nam a22002657a 4500 |
| 005 - DATE AND TIME OF LATEST TRANSACTION | |
| control field | 20170123162347.0 |
| 010 ## - LIBRARY OF CONGRESS CONTROL NUMBER | |
| LC control number | 247343 |
| 020 ## - INTERNATIONAL STANDARD BOOK NUMBER | |
| Terms of availability | 9.00 |
| 035 ## - SYSTEM CONTROL NUMBER | |
| System control number | 247343 |
| 037 ## - SOURCE OF ACQUISITION | |
| Source of stock number/acquisition | Cen Lib/Ret |
| 040 ## - CATALOGING SOURCE | |
| Original cataloging agency | DPL |
| Language of cataloging | UR |
| 082 ## - DEWEY DECIMAL CLASSIFICATION NUMBER | |
| Classification number | 841 |
| Edition number | ا ق ب |
| 100 ## - MAIN ENTRY--PERSONAL NAME | |
| Personal name | یوسف سلیم چشتی |
| 9 (RLIN) | 133913 |
| 245 ## - TITLE STATEMENT | |
| Title | زبور عجم : |
| Statement of responsibility, etc | یوسف سلیم چشتی |
| Remainder of title | اقبال / |
| 246 ## - VARYING FORM OF TITLE | |
| Title proper/short title | Zaboor-e ajam: Iqbaal / |
| Remainder of title | by Yusuf Saleem Chashmi |
| 260 ## - PUBLICATION, DISTRIBUTION, ETC. (IMPRINT) | |
| Place of publication, distribution, etc | نی دہلی |
| Name of publisher, distributor, etc | آئتقات پبلشنگ ہاؤس |
| Date of publication, distribution, etc | 1982 |
| 270 ## - ADDRESS | |
| Address | گلی کوتیا سویولان |
| City | نی دہلی |
| 300 ## - PHYSICAL DESCRIPTION | |
| Extent | 751p. |
| Dimensions | 21cm(Hb) |
| 650 ## - SUBJECT ADDED ENTRY--TOPICAL TERM | |
| Topical term or geographic name as entry element | اردو ادب |
| 9 (RLIN) | 133914 |
| 650 ## - SUBJECT ADDED ENTRY--TOPICAL TERM | |
| Topical term or geographic name as entry element | اردو شا عاری - اقبال |
| 9 (RLIN) | 133915 |
| 650 ## - SUBJECT ADDED ENTRY--TOPICAL TERM | |
| Topical term or geographic name as entry element | Urdu literature |
| 9 (RLIN) | 133916 |
| 650 ## - SUBJECT ADDED ENTRY--TOPICAL TERM | |
| Form subdivision | |
| Topical term or geographic name as entry element | Urdu -- Poetry -- Iqbaal |
| 9 (RLIN) | 120266 |
| 700 ## - ADDED ENTRY--PERSONAL NAME | |
| Personal name | |
| 9 (RLIN) | 133917 |
| 942 ## - ADDED ENTRY ELEMENTS (KOHA) | |
| Source of classification or shelving scheme | Dewey Decimal Classification |
| Koha item type | Urdu Bks |
| Classification part | 841 |
| Call number suffix | ا ق ب |
| Withdrawn status | Lost status | Damaged status | Not for loan | Home library | Current library | Date acquired | Source of acquisition | Cost, normal purchase price | Total Checkouts | Full call number | Barcode | Date last seen | Copy number | Cost, replacement price | Price effective from | Koha item type | Public note |
|---|---|---|---|---|---|---|---|---|---|---|---|---|---|---|---|---|---|
| Central Library | Central Library | 16/02/2016 | Cen Lib/Ref | 9.00 | 841 ا ق ب | 247343 | 16/02/2016 | 1 | 9.00 | 16/02/2016 | Urdu Bks | 1 |
